Determinants of choice of mobile phone brands among University students (Record no. 18812)
[ view plain ]
| 000 -LEADER | |
|---|---|
| fixed length control field | 00470nam a22001217a 4500 |
| 008 - FIXED-LENGTH DATA ELEMENTS--GENERAL INFORMATION | |
| fixed length control field | 210219b xxu||||| |||| 00| 0 eng d |
| 050 ## - LIBRARY OF CONGRESS CALL NUMBER | |
| Classification number | GMB1204 |
| Item number | .J86 2016 c.1 |
| 100 ## - MAIN ENTRY--PERSONAL NAME | |
| Personal name | Juma, Delphine Akinyi |
| 245 ## - TITLE STATEMENT | |
| Title | Determinants of choice of mobile phone brands among University students |
| Remainder of title | a survey of selected Universities in Nakuru town Kenya |
| Statement of responsibility, etc. | Delphine Akinyi Juma |
| 260 ## - PUBLICATION, DISTRIBUTION, ETC. (IMPRINT) | |
| Place of publication, distribution, etc. | Kabarak, Nakuru, Kenya |
| Name of publisher, distributor, etc. | Kabarak University |
| Date of publication, distribution, etc. | 2016 |
| 300 ## - PHYSICAL DESCRIPTION | |
| Extent | 81 leaves |
| 942 ## - ADDED ENTRY ELEMENTS (KOHA) | |
| Source of classification or shelving scheme | Library of Congress Classification |
| Koha item type | Thesis, Dissertation and Projecs |
| Withdrawn status | Lost status | Source of classification or shelving scheme | Not for loan | Home library | Current library | Date acquired | Total Checkouts | Full call number | Barcode | Date last seen | Price effective from | Koha item type |
|---|---|---|---|---|---|---|---|---|---|---|---|---|
| Library of Congress Classification | Kabarak, Main Campus | Kabarak, Main Campus | 19/02/2021 | GMB1204 .J86 2016 c.1 | 030567 | 19/02/2021 | 19/02/2021 | Thesis, Dissertation and Projecs | ||||
| Library of Congress Classification | Kabarak, Main Campus | Kabarak, Main Campus | 19/02/2021 | GMB1204 .J86 2016 c.2 | 030568 | 19/02/2021 | 19/02/2021 | Thesis, Dissertation and Projecs |